Country Anagram Equations Quiz Stats

 Plays Quiz Updated Jul 15, 2017

Support Sporcle.
Go Orange.
Score 0/26 Timer 07:00
0 Plays Today
spaces spaces % Correct
MALI + QATAR = ?IRAQ
93%
MALI + QATAR = ?MALTA
86.2%
LIBERIA + SUDAN = ?INDIA
82.4%
ALGERIA + SUDAN = ?UGANDA
79.8%
GABON + ITALY = ?TONGA
73.1%
GABON + ITALY = ?LIBYA
72.2%
ALGERIA + SUDAN = ?ISRAEL
70%
ARMENIA + MALI + TONGA = ?OMAN
69.8%
LIBERIA + SUDAN = ?BELARUS
67.4%
ARMENIA + IRAN + TONGA = ?ROMANIA
65%
ARMENIA + IRAN + TONGA = ?ARGENTINA
64.5%
LEBANON + MICRONESIA = ?BENIN
63.1%
ARMENIA + MALI + TONGA = ?MALTA
59.9%
spaces spaces % Correct
LEBANON + MICRONESIA = ?ISRAEL
59.5%
ARMENIA + MALI + TONGA = ?NIGERIA
57.2%
JAPAN + LIBERIA + SAN MARINO + SUDAN = ?JORDAN
55.3%
IRAN + LIBERIA + SENEGAL = ?BENIN
54%
IRAN + LIBERIA + SENEGAL = ?ISRAEL
53.1%
IRAN + LIBERIA + SENEGAL = ?ALGERIA
46.3%
LEBANON + MICRONESIA = ?MONACO
45.7%
AUSTRALIA + BENIN + CAMEROON = ?LEBANON
43.1%
JAPAN + LIBERIA + SAN MARINO + SUDAN = ?SPAIN
39.4%
JAPAN + LIBERIA + SAN MARINO + SUDAN = ?ALBANIA
36.1%
AUSTRALIA + BENIN + CAMEROON = ?CROATIA
33.4%
AUSTRALIA + BENIN + CAMEROON = ?SURINAME
30.5%
JAPAN + LIBERIA + SAN MARINO + SUDAN = ?SURINAME
29.5%

You're not logged in!

Compare scores with friends on all Sporcle quizzes.
OR
Log In
Forgot?

From the Vault

NBA HS 1st Rounders

by Ben

When you draft a high school player, you might get a perennial All Star....and sometimes not so much.
Remove Ads.
Support Sporcle.
Get the best of Sporcle when you Go Orange. This ad-free experience offers more features, more stats, and more fun while also helping to support Sporcle. Thank you for becoming a member.

Show Comments

Extras

Top Quizzes Today


Score Distribution

Your Account Isn't Verified!

In order to create a playlist on Sporcle, you need to verify the email address you used during registration. Go to your Sporcle Settings to finish the process.

Report this User

Report this user for behavior that violates our Community Guidelines.

Details: